Actos Compulsivos/ (Record no. 4335)

MARC details
000 -LEADER
campo de control de longitud fija 01189nam a22002537a 4500
003 - IDENTIFICADOR DE NÚMERO DE CONTROL
campo de control OSt
005 - FECHA Y HORA DE LA ÚLTIMA TRANSACCIÓN
campo de control 20230914160804.0
008 - DATOS DE LONGITUD FIJA--INFORMACIÓN GENERAL
campo de control de longitud fija 221006b |||||||| |||| 00| 0 eng d
040 ## - FUENTE DE CATALOGACIÓN
Centro/agencia transcriptor Biblioteca Lado V
082 ## - NÚMERO DE LA CLASIFICACIÓN DECIMAL DEWEY
Número de clasificación 700
Número de ítem R673a
100 ## - ENTRADA PRINCIPAL--NOMBRE DE PERSONA
9 (RLIN) 1065
Nombre de persona Roche Rabel, Arnaldo
Término indicativo de función/relación autor
245 ## - MENCIÓN DEL TÍTULO
Título Actos Compulsivos/
260 ## - PUBLICACIÓN, DISTRIBUCIÓN, ETC.
Nombre del editor, distribuidor, etc. MUSEO DE ARTE DE PONCE
300 ## - DESCRIPCIÓN FÍSICA
Dimensiones 28x22cm
Extensión 32p.
366 ## - INFORMACIÓN SOBRE DISPONIBILIDAD COMERCIAL
Nota spa
505 ## - NOTA DE CONTENIDO CON FORMATO
Título Presentación
505 ## - NOTA DE CONTENIDO CON FORMATO
Nota de contenido con formato Aterrorizar mujeres y niños<br/><br/>Estudio sobre revuelto<br/><br/>La resistencia se hace en la sopa<br/><br/>Secuestro a Miguel Hidalgo
Título Urgencia y Coyuntura #6
505 ## - NOTA DE CONTENIDO CON FORMATO
Nota de contenido con formato Decálago del ente transparente<br/><br/>La ventana<br/><br/>Algunas notas y Experiencias sobre la colonización Neo-Liberal del cuerpo femenino<br/><br/>Pulsar<br/><br/>Manifiesto 666Histerismocrítico<br/><br/>
Título Chicatanas #7
505 ## - NOTA DE CONTENIDO CON FORMATO
Nota de contenido con formato Dónde están las coronas?<br/><br/>La panza del Tepozteco<br/><br/>¿Qué implica ser salvaje?<br/><br/>Huelga contra el tiempo
Título Tiempos Ferales #8
650 ## - PUNTO DE ACCESO ADICIONAL DE MATERIA--TÉRMINO DE MATERIA
Fuente del encabezamiento o término Tesauro de Arte & Arquitectura
Término de materia o nombre geográfico como elemento de entrada ARTE
9 (RLIN) 703
650 ## - PUNTO DE ACCESO ADICIONAL DE MATERIA--TÉRMINO DE MATERIA
Fuente del encabezamiento o término Tesauro de Arte & Arquitectura
Término de materia o nombre geográfico como elemento de entrada CATALOGO
9 (RLIN) 702
650 ## - PUNTO DE ACCESO ADICIONAL DE MATERIA--TÉRMINO DE MATERIA
Fuente del encabezamiento o término Tesauro de Arte & Arquitectura
Término de materia o nombre geográfico como elemento de entrada COLECCIÓN
9 (RLIN) 702
942 ## - ELEMENTOS DE ENTRADA SECUNDARIOS (KOHA)
Fuente del sistema de clasificación o colocación Clasificación Decimal Dewey
Tipo de ítem Koha Libros
Parte de la signatura que corresponde a la clasificación (Parte de la clasificación) 700
Parte de la signatura que identifica el ejemplar (Parte del ítem) R673a
Suprimir en OPAC No
Holdings
Estatus retirado Estado de pérdida Fuente del sistema de clasificación o colocación Estado de daño No para préstamo Colección Biblioteca de origen Biblioteca actual Fecha de adquisición Número de inventario Total de préstamos Signatura topográfica completa Código de barras Visto por última vez Precio de reemplazo Tipo de ítem Koha
    Clasificación Decimal Dewey     Libros Biblioteca LadoV Biblioteca LadoV 14/09/2023 002622   700 R673a 002622 14/09/2023 14/09/2023 Libros